000
00276nam a22001217a 4500
020
_a
0-672-21022-0
082
_a
621.38224 HAL'N
100
_a
HALL, COURTNEY
_9
78259
245
_a
NOISE IN ELECTRONICS QUESTIONS AND ANSWER
260
_c
1997
300
_a
446P
942
_c
BK
999
_c
583407
_d
583407